000 01314nam0a2200301 4500
001 RU\NLR\bibl\1335585
005 20250615165040.0
021 _aRU
_b2008-104791
_96174
035 _a(NLR Aleph) 001320786
090 _a738520
_c738520
100 _a20090303d2008 |||y0rusy50 ca
101 0 _arus
102 _aRU
105 _aa |||||||||
200 1 _aАкмелогический подход в изучении аутодеструктивного поведения. Методы и результаты исследования
_eучебное пособие
_fТ.Н. Горобец
_gРос. акад. гос. службы при Президенте Рос. Федерации
210 _aМосква
_cИзд-во РАГС
_d2008
215 _a125, [2] с.
_cил.
_d21
320 _aБиблиогр.: с. 124-126 (33 назв.)
606 1 _aАутодеструктивное поведение
_jУчебные издания для повышения квалификации
_91541946
_3RU\NLR\auth\66973557
686 _aЮ936.2я77
700 1 _aГоробец
_bТ. Н.
_gТатьяна Николаевна
_4070
801 0 _aRU
_bNLR
_c20090303
_gRCR
801 1 _aRU
_bNLR
_c20090303
830 _aавт. по кн.
942 _cBOOK
980 _aNB